000 01341nam a2200241Ia 4500
003 Ost
005 20260416102351.0
008 260416s9999||||xx |||||||||||||| ||und||
040 _cfsecg
041 _aara
082 _a330.015195
100 _aموهوني، مليكة
_eمؤلف
245 0 _aدروس وتمارين محلولة في مادة الإقتصاد القياسي /
_c مليكة موهوني
260 _aالجزائر
_bجامعة الجزائر3: كلية العلوم الإقتصادية، العلوم التجارية وعلوم التسيير
_c2016
300 _a103 ورقة
_bايضاحات
_c30 سم
504 _aمراجع ص.103
520 _aبعض المفاهيم، نموذج الانحدار الخطي البسيط، نموذج الانحدار الخطي المتعدد، التقدير بطريقة المربعات الصغرى تحت القيود الخطية، التقدير في حالة عدم تحقق الفرضيات الكلاسيكية، أسلوب الانحدار التدريجي Stepwise
653 _aالاقتصاد
653 _aالاقتصاد القياسي
653 _aالقياس
710 _aجامعة الجزائر3: كلية العلوم الإقتصادية، العلوم التجارية وعلوم التسيير
_eناشر علمي
942 _cHANDOUT
999 _c41010
_d41010